000 01256nam a2200349 4500
003 EG-GICUC
005 20260121101347.0
008 251126s1977 fr ||||fr|||| 00| 0 fre d
040 _aEG-GiCUC
_bfre
_cEG-GiCUC
_dEG-GiCUC
_eRda
041 _afre
082 0 4 _221
_a341.1
_bZ O . B
092 0 4 _221
099 _aLaw1 11 341.1 Z O . B 1977
100 1 _aZoller, Élisabeth.
_eAuteur
245 1 3 _aLa bonne foi en droit international public /
_clisabeth Zoller ; préf. de Suzanne Bastid.
264 1 _aParis :
_bA. Pédone,
_c1977.
300 _a392 page :
_c 24 cm.
336 _2rda contenu
_a texte
337 _2rda medias
_aOrdinateur
338 _2 transporteur rda
_a Ressource en ligne
490 _3Publication de la Revue générale de droit international public ; nouv. sér., no 28.
500 _aOriginally presented as the author’s thesis, Paris II.
500 _aSummary in English.
504 _aIncludes bibliographical references. Includes indexes.
546 _aTexte en français
650 1 _aDroit international public
_2qrmak
651 1 _2qrmak
700 1 _aBastid, Suzanne,
_ePréfacier
856 4 0 _uhttps://fll.law.cu.edu.eg/fulltext/bks/B11-06150.pdf
905 _a75
_eYara
942 _2ddc
_n0
_cBK
_e21
999 _c46197
_d46197